| 000 | 00820nam a2200169 i 4500 | ||
|---|---|---|---|
| 001 | 158444 | ||
| 003 | ES-MaACL | ||
| 005 | 20250627063651.0 | ||
| 008 | 931025s1874 sp |||| | spa d | ||
| 100 |
_aMadrazo, Santiago Diego, _d1816-1890 _9222953 |
||
| 245 | 1 | 0 |
_aLecciones de Economía politica / _cpor Santiago Diego Madrazo... |
| 260 |
_aMadrid : _bLib. de P. Calleja y C.\pia\s, _c1874 ( _fEst. Tip. de Eduardo Cuesta) |
||
| 300 |
_a3 v. ; _c21 cm. |
||
| 852 |
_aES-MaACL _jC-2941-2943 _z-- Enc. pasta _z-- Posible duplicado CCPB000577171-4 _x-- Edic.: 1874-1876 -- T.I, 1874 (544 p.), T.II, 1875 (600 p.), T.III, 1876 (687 p.) |
||
| 852 |
_aES-MaACL _jF-12798-12800 _z-- Enc. hol. _z-- Sobre el pie de imp. de los 3 v. consta la banderilla: "Madrid : Cárlos Bailly-Bailliere" |
||
| 999 |
_c158444 _d158444 |
||